Statistics for Sarah Michelle Gellar Filmography

Click here to take the quiz!

General Stats

  • This quiz has been taken 15 times
    (3 since last reset)
  • The average score is 12 of 50

Answer Stats

Type Year Name % Correct
Film2002Scooby-Doo
100%
TV Show2011-2012Ringer
100%
Film2004Scooby-Doo 2: Monsters Unleashed
100%
Film2004The Grudge
100%
Film1999Cruel Intentions
100%
TV Show1997-2003Buffy the Vampire Slayer
100%
Film2006The Grudge 2
100%
Film1997I Know What You Did Last Summer
67%
TV Show1993-1995, 2011All My Children
33%
Film1997Scream 2
33%
TV Show2011-2012American Dad!
33%
TV Show2005-2018Robot Chicken
33%
TV Show2004, 2012The Simpsons
33%
Film2006Southland Tales
33%
Film2009Veronika Decides to Die
33%
TV Show2013-2014The Crazy Ones
33%
TV Show1999-2000Angel
33%
Music Video2000Sour Girl
33%
Film2013Freedom Force
0%
Film2007The Air I Breathe
0%
TV Show2019The Big Bang Theory
0%
TV Show2016Those Who Can't
0%
Film2009Possession
0%
Film2007Happily N'Ever After
0%
Film2007Suburban Girl
0%
Film2007TMNT
0%
TV Show2015-2016Star Wars Rebels
0%
Video Game2011Call of Duty: Black Ops
0%
Web Series2015Princess Rap Battle
0%
TV Show2011God, the Devil and Bob
0%
TV Film1983An Invasion of Privacy
0%
Film2006The Return
0%
TV Show1992Swans Crossing
0%
Theater1986-1987The Widow Claire
0%
TV Show1988Crossbow
0%
TV Show1988Spenser: For Hire
0%
Film1989High Stakes
0%
TV Show1989Girl Talk
0%
TV Mini-Series1991A Woman Named Jackie
0%
TV Film1997Beverly Hills Family Robinson
0%
Film1984Over the Brooklyn Bridge
0%
Film1998Small Soldiers
0%
TV Show1998King of the Hill
0%
TV Show1998-2002Saturday Night Live
0%
Film1999Simply Irresistible
0%
TV Show2000Sex and the City
0%
Film2001Harvard Man
0%
TV Show2001Grosse Pointe
0%
Commercial2019Killer Skin
0%

Score Distribution

Percentile by Number Answered

Percent of People with Each Score

Your Score History

You have not taken this quiz since the last reset